| 000 | 00443nam a22001817a 4500 | ||
|---|---|---|---|
| 003 | MPLRDC | ||
| 005 | 20220104125646.0 | ||
| 008 | 210129b ||||| |||| 00| 0 eng d | ||
| 020 | _a986-83313-9-6 | ||
| 082 | _a857.85 LB | ||
| 100 | _a冷彬、张嘉芬 | ||
| 245 |
_a下一站.叫幸福 _c |
||
| 250 | _a初版 | ||
| 260 |
_a台湾 _b如果出版社 _c2007 |
||
| 300 | _b223 | ||
| 650 | _a写实报导小说 | ||
| 942 |
_cBK _o857.85 LB |
||
| 999 |
_c29124 _d29114 |
||